00373pab a2200133 454500008004000000100001700040245008500057260000900142300001100151362001100162650002500173700002100198773002000219180718b2004 xxu||||| |||| 00| 0 eng d aChopra, P.K. aReshaping management education curriculum: benchmarking on industry expectations c2004 ap.6-8. a22 Mar aManagement education aMittal, Akhilesh aUniversity News